عرض عادي
عرض مارك
- Biguenet, John.
مدخل إسم شخص
001 - رقم الضبط
- حقل الضبط: 56346
003 - معرف رقم الضبط
- حقل الضبط: OSt
005 - تاريخ ووقت أخر عملية
- حقل الضبط: 20160827124623.0
008 - عناصر بيانات ثابتة الطول
- حقل تحكم ثابت الطول: 160827|| aca||aabn | a|a d
040 ## - مصدر الفهرسة
- هيئة الفهرسة الأصلية: OSt
- وكالة الكتابة: OSt
100 ## - مدخل -- أسم شخص
- إسم شخص: Biguenet, John.
670 ## - بيانات المصدر موجوده
- الاستشهاد بالمصدر: Work cat.: (OSt)0: Theories of translation :, 1992.
